|
|
|
|
| LEADER |
01010nam a22002532a 4500 |
| 001 |
001444068 |
| 003 |
CZ BrMZK |
| 005 |
20150529101035.0 |
| 007 |
ta |
| 008 |
141212s1956 xo ag er|||||||||||slo d |
| 040 |
|
|
|a ABA001
|b cze
|c ABA001
|d ABA001
|d BOA001
|
| 080 |
|
|
|a 78(075.1)
|
| 100 |
1 |
|
|a Kantor, Štefan,
|d 1898-1991
|7 mzk2002140415
|4 aut
|
| 245 |
1 |
0 |
|a Učebnica hudobnej výchovy pre 2. a 3. ročník všeobecno-vzdelávacích škôl /
|c Štefan Kantor, Darina Šimkovicová ; ilustrace A. Struhár
|
| 250 |
|
|
|a 1. vyd.
|
| 260 |
|
|
|a Bratislava :
|b Slovenské pedagogické nakladateľstvo,
|c 1956
|
| 300 |
|
|
|a 130 s. :
|b il., noty ;
|c 8°
|
| 700 |
1 |
|
|a Šimkovicová, Darina
|4 aut
|
| 700 |
1 |
|
|a Struhár, Alojz,
|d 1892-1968
|7 xx0119104
|4 ill
|
| 910 |
|
|
|a BOA001
|b 2-0352.246
|
| 990 |
|
|
|a BK
|
| 991 |
|
|
|b 201412
|
| 996 |
7 |
|
|b 2618959812
|c 2-0352.246
|l MZK
|r Sklad / do 24 hodin
|n 0
|w 001478894
|u 000020
|a 1
|e BOA001
|j MZK50
|s A
|
| 996 |
7 |
|
|b 2618959813
|c 2-0352.246
|l MZK
|r Sklad / do 24 hodin
|n 1
|w 001478894
|u 000010
|a 1
|e BOA001
|j MZK50
|s A
|